Taxation and employment

Saved in:
Bibliographic Details
Format: Book
Language:English
Published: Paris OECD 2011
Series:OECD tax policy studies no. 21
Subjects:
Tags: Add Tag
No Tags, Be the first to tag this record!

MARC

LEADER 00000nam a2200000 4500
001 0168481
005 20240315121340.0
020 |a 978-92-64-12059-4 
022 |a 1990-0546 
041 0 |a eng 
044 |a FR 
245 1 0 |a Taxation and employment 
264 1 |a Paris  |b OECD  |c 2011 
300 |a 165 s. 
490 1 |a OECD tax policy studies  |v no. 21 
830 0 |a OECD tax policy studies  |v no. 21 
610 2 0 |a dane 
610 2 0 |a politika daňová 
610 2 0 |a zdaňovanie 
610 2 0 |a zamestnanosť